|
|
|
|
| LEADER |
01147nam a2200253 a 4500 |
| 001 |
16593 |
| 003 |
BD-DhAAL |
| 008 |
090803r19942002nyuabc b 001 0 eng d |
| 999 |
|
|
|c 3020
|d 3020
|
| 010 |
|
|
|a 88040382
|
| 020 |
|
|
|a 0349105987
|
| 040 |
|
|
|a DLC
|c DLC
|d DLC
|d BD-DhAAL
|
| 082 |
0 |
0 |
|a 909.81
|2 19
|
| 100 |
1 |
|
|a Hobsbawm, E. J.
|q (Eric J.),
|d 1917-
|9 52048
|
| 245 |
1 |
4 |
|a The age of empire, 1875-1914 /
|c E.J. Hobsbawm.
|
| 260 |
|
|
|a New York :
|b Vintage, ;
|a London :
|c c1987,1989 [reprinted 1995, 1996].
|
| 300 |
|
|
|a xi, 404 pages :
|b illustrations, maps, ports. ;
|c 20 cm.
|
| 500 |
|
|
|a Includes bibliographical references and index.
|
| 541 |
1 |
|
|a Donated By Akbar Ali Khan
|e 16593, 39736
|
| 650 |
|
0 |
|a History, Modern
|y 19th century.
|9 52049
|
| 852 |
4 |
|
|a Ayesha Abed Library
|c General Stacks
|
| 942 |
|
|
|2 ddc
|c BK
|
| 952 |
|
|
|0 0
|1 0
|2 ddc
|4 0
|6 909_810000000000000_HOB
|7 0
|9 2735
|a BRACUL
|b BRACUL
|c GEN
|d 2009-08-18
|l 6
|m 28
|o 909.81 HOB
|p 3010016593
|r 2024-03-18
|s 2024-01-29
|t 1
|w 2009-08-18
|y BK
|
| 952 |
|
|
|0 0
|1 0
|2 ddc
|4 0
|6 909_810000000000000_HOB
|7 1
|9 72235
|a BRACUL
|b BRACUL
|c AAKC
|d 2022-10-30
|e Donated by Akbar Ali Khan
|l 0
|o 909.81 HOB
|p 3010039736
|r 2022-10-30
|t 2
|w 2022-10-30
|y BK
|